000 00291nam a2200145Ia 4500
100 _aBasandra S.K.
942 _cBK
654 _aLAN
245 _aLocal Area Networks
260 _bGalgotia
_aNew Delhi
_c1993
082 _a4.68
_bPAN
300 _a165
546 _aENGLISH
999 _c18874
_d18874